Statistics for NBA Player Surnames By Word Definition

Click here to take the quiz!

General Stats

  • This quiz has been taken 21 times
  • The average score is 13 of 20

Answer Stats

Definition Players % Correct
The sons or daughters of your uncle or aunt.DeMarcus Cousins
100%
A type of flower which are famously known to give as a gift every valentines.Derrick Rose
94%
Combination of the Color Blue and Yellow.Draymond Green
94%
An intense feeling of deep affection.Kevin Love
89%
A day of festivity or recreation where classes and work are suspended.Jrue Holiday
89%
A child or young person.Jason Kidd
78%
The period of time between midnight and noon, especially from sunrise to noon.Alonzo Mourning
78%
An urban area that has a local government it's larger than a village and smaller than a city.Karl-Anthony Towns
72%
A continuous vertical brick or stone structure that encloses or divides an area of land.John Wall
72%
The chief manservant of a house.Jimmy Butler
67%
Walk through water or another liquid or soft substance.Dwyane Wade
61%
A mythical creature with the head and wings of an eagle and the body of a lion.Blake Griffin
61%
An enclosed area designed to showcase theatre, musical performances, or sporting events.Gilbert Arenas
56%
A naturally raised area of land, not as high or craggy as a mountain.Grant Hill
56%
The direction to the left.Jerry West
50%
A dish of meat, vegetables,c ooked in an Indian-style sauce of spices and typically served with rice.Stephen Curry
50%
The particular name of the product that is manufactured by a particular company.Elton Brand
50%
Becomes hard or harder.James Harden
33%
A device for helping a baby learn to afoot, consisting of a harness set into a frame on wheels.Kemba Walker
28%
A precious stone consisting of a deep red vitreous silicate mineral.Kevin Garnett
22%

Score Distribution

Percentile by Number Answered

Percent of People with Each Score

Your Score History

You have not taken this quiz